01632nkc a2200289za 450000100060000000300040000600500170001000700070002700800410003404000240007524500630009926000220016230000990018450001690028350001060045250000540055861000420061265100170065465500400067185200220071185601510073385601500088494200250103495201330105995201330119299900170132584434OSt20260420150908.0kh boc250409s18801960sp ||||| |||| 00| i|spa d cM-RABAaM-RABAbspa0 a[Trascoro de la Catedral de Ávila]h[Material gráfico] c[ca. 1880 - 1960] a2 fotografíasb: gelatina de platac; imagen 24,7 x 18 cmc; soporte secundario 26,2 x 20 cm aConjunto de dos fotografías que muestran parte del trascoro renacentista de la Catedral de Ávila, realizado por los escultores Juan Rodríguez y Lucas Giraldo. aAl verso, ms. a lápiz: “Trascoro de la Catedral de Ávila. Cliché del Dr. Hernández Brior” aFechas tomadas del uso dominante de la técnica.27aCatedral de Ávila (España)937668 7aAvila974747 0aFotografías de monumentos9111580 jFot-574 ; Fot-575 3Fot-574 uhttps://archivoybiblioteca.realacademiabellasartessanfernando.com/cgi-bin/koha/opac-retrieve-file.pl?id=799cb32b1b4cdf827eb6433e1ad4b326 3Fot-575uhttps://archivoybiblioteca.realacademiabellasartessanfernando.com/cgi-bin/koha/opac-retrieve-file.pl?id=052e0804dfbb1b81d1cb74b1004dcb4d 2ddccFOTOGRAFÍAn0 00102ddc40708FOTOGRAFIAaRABASFbRABASFcDP2d2025-04-09l0oFot-574p1095309r2025-04-09 10:05:14w2025-04-09yFOTOGRAFÍA 00102ddc40708FOTOGRAFIAaRABASFbRABASFcDP2d2026-04-20l0oFot-575p1097010r2026-04-20 15:08:46w2026-04-20yFOTOGRAFÍA c84434d84434